000 00669nam a2200205Ii 4500
003 JO-AjNU
008 230605s9999||||xx |||||||||||||| ||und||
040 _aJO-AjNU
_bara
_erda
_cJO-AjNU
041 _aara
050 1 4 _aQH90.A7834 2001
100 3 _aالعروسي ، حسين,
_eauthor
_920245
245 0 0 _aالماء والحياة
264 3 1 _aالاسكندريه:مكتبه المعارف ، 2001
300 _a102ص
336 _atext
_btxt
_2rdacontent
337 _aunmediated
_bn
_2rdamedia
338 _avolume
_bnc
_2rdacarrier
490 0 _aسلسلة العلوم والتكنولوجيا للجميع العدد3
650 4 _aالمياه
_920246
999 _aA6827
_c10395
_d10395